| 000 | 00713nam a22002177a 4500 | ||
|---|---|---|---|
| 999 |
_c22530 _d22530 |
||
| 003 | AR-CdUCM | ||
| 008 | 190423b ||||| |||| 00| 0 spa d | ||
| 020 | _a9789563640786 | ||
| 040 |
_aMUNICIPALIDAD PROVINCIAL DEL CUSCO _cBIBLIOTECA MUNICIPAL DEL CUSCO |
||
| 082 |
_aPI/803/F41 _bF41 |
||
| 100 |
_aFernández Bieberach, Patricia _948427 |
||
| 245 |
_aMi cuerpo habla / _cPatricia Fernández, Margarita Valdés |
||
| 260 |
_aChina : _bAmauta, _c2019. |
||
| 300 |
_a22 pág. : _bilustraciones en color, _c15 cm. |
||
| 440 |
_aColección BB _948428 |
||
| 650 |
_aCuento _94671 |
||
| 650 |
_aLiteratura infantil _9588 |
||
| 700 |
_aValdés, Margarita _eilustración _948429 |
||
| 942 |
_2ddc _cLIBROS |
||
| 945 | _arac | ||